La cultura de la organización y los conflictos con el personal (Registro nro. 28899)

Detalles MARC
000 -LEADER
fixed length control field 00374 a2200121 4500
001 - CONTROL NUMBER
control field ART_24850
005 - DATE AND TIME OF LATEST TRANSACTION
control field 20260410161934.0
008 - FIXED-LENGTH DATA ELEMENTS--GENERAL INFORMATION
fixed length control field 260409a
100 1# - MAIN ENTRY--PERSONAL NAME
Personal name Groba, Eduardo L.
245 10 - TITLE STATEMENT
Title La cultura de la organización y los conflictos con el personal
700 1# - ADDED ENTRY--PERSONAL NAME
Personal name Deverill, Juan J.
773 0# - HOST ITEM ENTRY
Title Gestión
Related parts - Nº 10 (dic. 1974/ene. 1975)
Record control number REV24740

No hay ítems disponibles.